000 00214nam a22000857a 4500
008 170218b xxu||||| |||| 00| 0 eng d
100 _92906
_aWason V
245 _aBusiness Studies XI
260 _aNew Delhi
_bS.Chand
_c2012
999 _c6141
_d6141